Kinh tế Malaixia

Na minha lista:
Detalhes bibliográficos
Autor principal: Đào Lê Minh
Formato: Livro
Idioma:Vietnamese
Publicado em: Hà Nội 2001
Tags: Adicionar Tag
Sem tags, seja o primeiro a adicionar uma tag!
Thư viện lưu trữ: Mạng thư viện Đại học Đà Nẵng
LEADER 00602nam a2200253 4500
001 000020392
003 16837
005 20150317090314.0
008 150317s2001 viesd
020 |c 25000 
041 0 |a vie 
082 1 4 |a 337.595  |b 337.595 
100 1 |a Đào Lê Minh 
245 1 0 |a Kinh tế Malaixia  |c Đào Lê Minh 
260 |b Hà Nội  |c 2001 
300 |a tr.  |c cm. 
OWN |a LSP 
999 |a From the UDN01 
TYP |a Monograph 
TYP |a Printed language 
980 |a Mạng thư viện Đại học Đà Nẵng